عرض عادي
عرض مارك
- Evolution (Biology)
مدخل مصطلح موضوعي
001 - رقم الضبط
- حقل الضبط: 10467
003 - معرف رقم الضبط
- حقل الضبط: OSt
005 - تاريخ ووقت أخر عملية
- حقل الضبط: 20120410071016.0
008 - عناصر بيانات ثابتة الطول
- حقل تحكم ثابت الطول: 120410|||a|||||| | ||| d
040 ## - مصدر الفهرسة
- هيئة الفهرسة الأصلية: OSt
- وكالة الكتابة: OSt
150 ## - مدخل-- مصطلح تاريخي
- عنصر مدخل المصطلح الموضوعي او الاسم الجغرافي: Evolution (Biology)
- تفريع عام: Mathematical models.
670 ## - بيانات المصدر موجوده
- الاستشهاد بالمصدر: Work cat.: (OSt)0: Otto, Sarah P., 1967- 10465, A biologist's guide to mathematical modeling in ecology and evolution /, c2007.
